LEADER 00952cam0 22003013 450 001 SOB020827 005 20230925072722.0 010 $a8813239726 100 $a20040211d2002 |||||ita|0103 ba 101 $aita 102 $aIT 200 1 $aCommentario breve al Codice Civile$fGiorgio Cian$gAlberto Trabucchi 205 $a6. ed 210 $aPadova$cCEDAM$d2002 215 $aXXXIV, 3243 p.$d23 cm 225 2 $aBreviaria iuris 410 1$1001LAEC00015486$12001 $a*Breviaria iuris 702 1$aCian, Giorgio$3AF00015905$4070 702 1$aTrabucchi, Alberto$3AF00005350$4070 801 0$aIT$bUNISOB$c20230925$gRICA 850 $aUNISOB 852 $aUNISOB$j340|Coll|9|K$m113374 912 $aSOB020827 940 $aM 102 Monografia moderna SBN 941 $aM 957 $a340|Coll|9|K$b000035$gCON$d113374$rACQUISTO$1Alfano$2UNISOB$3UNISOB$420230913100613.0$520230925072722.0$6Alfano 996 $aCommentario$91407416 997 $aUNISOB